000 00727nam a2200265Ia 4500
001 Para_4714
003 CHAP
008 220125s1923 xx 000 0 und d
010 _a203188
040 _cCHAP
090 _aPA FOLLETO 2114
100 _aSeverin, H. C.
_9105395
245 _aThe chinch bug /
_c H. C. Severin
260 _aBrookings, South Dakota :
_b Agricultural Experiment Station
300 _a562-576
440 _aDakota. Agr. Exp. Sta. Bull; 202
_9168838
650 _aChinche de los cereales
_922578
901 _aPA FOLLETO 2114
902 _aA
905 _a0000001923 BRO 0000000000 00
910 _a1923
942 _cPARA
942 _cPARA
_d1
999 _c203188
_d203188